00592nam a2200169Ia 4500008004100000020001800041040001300059082001500072100001900087245008000106260002600186300005100212500001900263650004500282650004500327650005000372191130s2008##################000#0#eng## a9780140280999 aACLcACL a720.92 HIL aHill, Rosemary aGod's architect : Pugin and the building of Romantic BritaincRosemary Hill aLondonbPenguinc2008 axiii, 601 p., [24] p. of plates : ill. ; 20 cm aincludes index aArchitects -- Great Britain -- Biography aGothic revival (Architecture) -- England aPugin, Augustus Welby Northmore, -- 1812-1852